000 00496cam a22001934a 4500
005 20250605164154.0
008 250528s ||||||||||||||||||||||||d
035 _a19495
020 _a9604059521
040 _aGR-AtMCL
_bgre
_dGR-AtMCL
_eAACR2
245 1 _aΤΕΧΝΙΚΗ ΜΗΧΑΝΙΚΗ ΣΤΑΤΙΚΗ & ΔΥΝΑΜΙΚΗ
250 _a2
260 _bΊων,
_c1999
300 _a374
700 1 _aΒελαωρας Ι.Χ
_95740
942 _cBK
999 _c4751
_d4751